00721nam a2200265Ia 4500008004000000041000800040082001500048100002300063245004900086250000500135260003900140300001300179650001300192650000700205650001100212650001500223650000700238650001400245650000600259690001400265700002300279906001100302999001900313952012300332210210b1956 xxu||||| |||| 00| 0 eng d aeng a541.9 DAVL aDAVISON (Albert W) aLaboratory manual of physical chemistry Ed 4 a aNewyorkbJohn Wiley and Sonsc1956 aviii,260 aphysical aof amanual aLaboratory aEd achemistry a4 aChemistry aKLOOSTER (Henry S) a009697 c140570d140570 001040708ChemistryaALbALcChemistryd2021-02-17g0.00l0o541.9 DAVLp009697r2021-02-17 00:00:00w2021-02-17yBK